000
00304nam a2200133Ia 4500
008
100328s9999 xx 000 0 und d
082
_b
49318
100
_a
बोरकर वि.ज.
245
_a
वंश.
260
_b
मौज
630
_a
वंश.
730
_a
वंश.
942
_c
BOOK
999
_c
536738
_d
536735